000 00299nam a22001217a 4500
008 180629b xxu||||| |||| 00| 0 eng d
041 _aeng
080 _a321
100 _a19
101 _aSHP
245 _a20 vjet reforma ne sektorin e sigurine ne Shqiperi
_cBroshure Informuese
942 _2udc
_cBK
999 _c46622
_d46622